• 首页
  • 本馆介绍
  • 公告通知
  • 最新文献
  • 馆藏检索
  • 电子资源
  • 读者导购
  • 参考咨询
  • 我的图书馆
  • 登录
  • 详细信息显示
  • 放入我的书架
  • 预约/预借图书
  • 作者相关作品
  • 分类相关作品
  • 丛书相关作品
  • 出版社相关作品

书目信息

  • 表格格式
  • 工作单格式
  • 卡片格式
题名:
中国少年儿童百科全书
    
 
作者: 赵岩 主编
分册:   军事百科
出版信息: 长春   北方妇女儿童出版社  2017
页数: 121页
开本: 24cm
丛书名:
单 册:
中图分类: H125.4 , Z228.1 , E-49 , E-49
科图分类:
主题词: 汉语拼音--儿童读物 , 科学知识--儿童读物 , 军事--儿童读物 , 军事
电子资源:
ISBN: 978-7-5585-0469-3
000 01047nam0 2200313 450
001 5605
005 20180612164520.51
010    @a978-7-5585-0469-3@dCNY21.80
100    @a20171018d2017 cemy0chiy50 ea
101 0  @achi
102    @aCN@b220100
105    @aa z 000yy
200 1  @a中国少年儿童百科全书@9zhong guo shao nian er tong bai ke quan shu@i军事百科@f赵岩主编
210    @a长春@c北方妇女儿童出版社@d2017
215    @a121页@c彩图@d24cm
300    @a彩图注音版
330    @a本书配以精美的图片给孩子讲述军事历史。书中介绍了武器的发展、知名的军事家及著名的战役。打开这本配以精美插图的百科全书,就如同踏上一场惊奇的旅程,可以带领孩子们去探索身边世界的奥秘,激发他们对科学知识的热爱。
517 1  @a军事百科@9jun shi bai ke
606 0  @a汉语拼音@j儿童读物
606 0  @a科学知识@j儿童读物
606 0  @a军事@j儿童读物
606 0  @a军事
690    @aH125.4@v5
690    @aZ228.1@v5
690    @aE-49@v5
690    @aE-49@v4
701  0 @a赵岩@9Zhao Yan@4主编
801  0 @aCN@b91MARC@c20171018
905    @aMuseLib@dE-49@e1
    
    中国少年儿童百科全书.军事百科/赵岩主编.-长春:北方妇女儿童出版社,2017
    121页:彩图;24cm
    彩图注音版
    
    ISBN 978-7-5585-0469-3:CNY21.80
    本书配以精美的图片给孩子讲述军事历史。书中介绍了武器的发展、知名的军事家及著名的战役。打开这本配以精美插图的百科全书,就如同踏上一场惊奇的旅程,可以带领孩子们去探索身边世界的奥秘,激发他们对科学知识的热爱。
●
相关链接 在E读中查询图书 在五车中查询图书 在当当中查询图书 在豆瓣中查询图书


正题名:中国少年儿童百科全书     索取号:E-49/1         预约/预借

序号 登录号 条形码 馆藏地/架位号 状态 备注
1 1113950   211139506   第一样本阅览室/ [索取号:E-49/1] 在馆    
2 1113951   211139515   教育系资料室/ [索取号:E-49/1] 在馆    
3 1113952   211139524   教育系资料室/ [索取号:E-49/1] 在馆    
4 1113953   211139533   第一借阅区/ [索取号:E-49/1] 在馆    
唐山师范学院图书馆 欢迎您!
大连网信软件有限公司© 版权所有